Central Library OPAC University of Rajshahi

Rural reconstruction in action : (Record no. 16493)

MARC details
000 -LEADER
fixed length control field 00788nam a2200241 a 4500
001 - CONTROL NUMBER
control field 16493
003 - CONTROL NUMBER IDENTIFIER
rucl marc code BD-RjUL
005 - DATE AND TIME OF LATEST TRANSACTION
control field 20211209000021.0
008 - FIXED-LENGTH DATA ELEMENTS--GENERAL INFORMATION
fixed length control field 140213s1953 nyu 001 0 eng d
035 ## - SYSTEM CONTROL NUMBER
System control number (OCoLC)ocm00230357
System control number (BD-RjUL)16548
040 ## - CATALOGING SOURCE
Original cataloging agency WSU
Transcribing agency WSU
Modifying agency MCB
-- ZCU
-- BD-RjUL
Language of cataloging eng
041 ## - LANGUAGE CODE
Language code of text/sound track or separate title eng
082 04 - DEWEY DECIMAL CLASSIFICATION NUMBER
Classification number 370.19346
Author mark and year ALR 1953
Edition number 18
100 1# - MAIN ENTRY--PERSONAL NAME
Personal name Allen, H. B.
Fuller form of name (Harold Boughton),
Dates associated with a name 1891-1970.
9 (RLIN) 50977
245 10 - TITLE STATEMENT
Title Rural reconstruction in action :
Remainder of title experience in the Near and Middle East /
Statement of responsibility, etc. by H.B. Allen.
260 ## - PUBLICATION, DISTRIBUTION, ETC. (IMPRINT)
Place of publication, distribution, etc. Ithaca, NY :
Name of publisher, distributor, etc. Cornell University Press,
Date of publication, distribution, etc. c1953.
300 ## - PHYSICAL DESCRIPTION
Pagination xviii, 204 p. :
Illustrations ill. ;
Size 24 cm.
650 #0 - SUBJECT ADDED ENTRY--TOPICAL TERM
Topical term or geographic name as entry element Rural development
Geographic subdivision Middle East.
9 (RLIN) 50978
Topical term or geographic name as entry element Peasants
Geographic subdivision Middle East.
9 (RLIN) 50979
942 ## - ADDED ENTRY ELEMENTS (KOHA)
Source of classification or shelving scheme Dewey Decimal Classification
Koha item type Books
Holdings
Lost status Source of classification or shelving scheme Damaged status Not for loan Collection code Permanent Location Current Location Shelving location Date acquired Source of acquisition Cost, normal purchase price Total Checkouts Full call number Date last seen Copy number Koha item type
  Dewey Decimal Classification   Not For Loan Non-fiction Central Library, University of Rajshahi Central Library, University of Rajshahi Reading Room 02/11/1955 N/A 0.00   370.19346 ALR 1953 13/02/2014 C-1 Books
  Dewey Decimal Classification     Non-fiction Central Library, University of Rajshahi Central Library, University of Rajshahi   24/02/1958 M S MANDAL DEP.. 21.00   301.35 ALR 1954 17/05/2014 C-2 Books
  Dewey Decimal Classification   Not For Loan Non-fiction Central Library, University of Rajshahi Central Library, University of Rajshahi Reading Room 25/07/1955 O.U.P 14.00   301.35 ALR 1953 17/05/2014 C-1 Books